Football : Classement Serie A (2024-2025) - Statistiques

Statistiques générales
  • Ce quiz a été pris 144 fois
  • Le résultat moyen est 12 sur 20
Statistiques - réponses
Position Points Equipes % Correct
2 81 Inter Milan
100%
1 82 Napoli FC
98%
4 70 Juventus Turin
92%
3 74 Atalanta Bergame
90%
8 63 AC Milan
77%
5 69 AS Rome
75%
7 65 Lazio Rome
74%
6 65 ACF Fiorentina
66%
9 62 FC Bologne
57%
10 49 Côme 1907
54%
11 44 FC Torino
52%
12 44 Udinese Calcio
48%
20 18 AC Monza
44%
15 36 Cagliari Calcio
41%
19 29 FC Venise
41%
17 34 US Lecce
39%
13 43 FC Genoa
37%
14 37 FC Hellas Verone
36%
16 36 Parme Calcio
35%
18 31 FC Empoli
32%
Aucun quiz correspondant
Distribution des résultats
% des personnes avec chaque résultat
Percentile par nombre de réponses
Votre historique - résultats
Vous n’avez pas pris ce quiz